The evolution of energy infrastructure in the United States and how lessons learned from the past can inform future opportunities : hearing before the Committee on Energy and Natural Resources, United States Senate, One Hundred Fifteenth Congress, second session, February 8, 2018.

Bibliographic Details
Corporate Author: United States. Congress. Senate. Committee on Energy and Natural Resources (Author)
Format: Government Document eBook
Language:English
Published: Washington : U.S. Government Publishing Office, 2020.
Series:S. hrg. ; 115-503
Subjects:
Online Access:https://purl.fdlp.gov/GPO/gpo139965

MARC

Tag First Indicator Second Indicator Subfields
LEADER 00000cam a2200000 i 4500
001 in00004337621
006 m o d f
007 cr |||||||||||
008 200615s2020 dcua ob f000 0 eng c
005 20220513162629.8
019 |a 1164153605  |a 1182541805  |a 1182636771 
035 |a (OCoLC)on1158314906 
040 |a GPO  |b eng  |e rda  |e pn  |c GPO  |d GPO  |d OCLCF  |d GPO  |d MvI 
042 |a pcc 
043 |a n-us--- 
049 |a WWW 
050 4 |a KF26  |b .E55 2018u 
074 |a 1040-C (online) 
086 0 |a Y 4.EN 2:S.HRG.115-503 
110 1 |a United States.  |b Congress.  |b Senate.  |b Committee on Energy and Natural Resources,  |e author. 
245 1 4 |a The evolution of energy infrastructure in the United States and how lessons learned from the past can inform future opportunities :  |b hearing before the Committee on Energy and Natural Resources, United States Senate, One Hundred Fifteenth Congress, second session, February 8, 2018. 
264 1 |a Washington :  |b U.S. Government Publishing Office,  |c 2020. 
300 |a 1 online resource (iv, 306 pages) :  |b illustrations. 
336 |a text  |b txt  |2 rdacontent 
337 |a computer  |b c  |2 rdamedia 
338 |a online resource  |b cr  |2 rdacarrier 
490 1 |a S. hrg. ;  |v 115-503 
588 |a Description based on online resource; title from PDF title page (govinfo, viewed June 15, 2020). 
504 |a Includes bibliographical references. 
500 |a GPO Cataloging Record Distribution Program (CRDP). 
650 0 |a Pipelines  |z United States. 
650 0 |a Electric power systems  |z United States. 
650 0 |a Power resources  |z United States. 
650 0 |a Infrastructure (Economics)  |z United States. 
650 0 |a Computer security  |z United States. 
650 0 |a Energy policy  |z United States. 
650 7 |a Computer security  |2 fast  |0 (OCoLC)fst00872484 
650 7 |a Electric power systems  |2 fast  |0 (OCoLC)fst00905529 
650 7 |a Energy policy  |2 fast  |0 (OCoLC)fst00910200 
650 7 |a Infrastructure (Economics)  |2 fast  |0 (OCoLC)fst00973275 
650 7 |a Pipelines  |2 fast  |0 (OCoLC)fst01064626 
650 7 |a Power resources  |2 fast  |0 (OCoLC)fst01074275 
651 7 |a United States.  |2 fast  |0 (OCoLC)fst01204155 
655 7 |a Legislative hearings.  |2 fast  |0 (OCoLC)fst01910825 
655 7 |a Legislative hearings.  |2 lcgft 
776 0 8 |i Print version:  |a United States. Congress. Senate. Committee on Energy and Natural Resources.  |t Evolution of energy infrastructure in the United States and how lessons learned from the past can inform future opportunities  |w (OCoLC)1179006077 
776 0 8 |i Microfiche version:  |a United States. Congress. Senate. Committee on Energy and Natural Resources.  |t Evolution of energy infrastructure in the United States and how lessons learned from the past can inform future opportunities  |w (OCoLC)1249445037 
810 1 |a United States.  |b Congress.  |b Senate.  |t S. hrg. ;  |v 115-503. 
856 4 0 |u https://purl.fdlp.gov/GPO/gpo139965  |t 0 
999 f f |s cc4a877e-abe4-4f6c-89e9-7b8a10f4bfcc  |i eede3fbc-9542-32b6-be3e-03ee3457b9cc  |t 0 
952 f f |a Texas A&M University  |b College Station  |c Electronic Resources  |d Available Online  |t 0  |e Y 4.EN 2:S.HRG.115-503  |h Superintendent of Documents classification 
998 f f |a Y 4.EN 2:S.HRG.115-503  |t 0  |l Available Online